000 00575nam a2200169 i 4500
001 65070
003 ES-MaACL
005 20250507063018.0
007 t|
008 040108s1959 sp ||||1| spa d
100 1 _aFraga Iribarne, Manuel,
_d1922-2012
_9193721
245 1 3 _aLa familia espaƱola ante la segunda mitad del siglo XX
_b: problemas y soluciones /
_cManuel Fraga Iribarne.
260 _aMadrid :
_bCongreso de la Familia EspaƱola,
_c1959 (
_fAltamira)
300 _a55 p. ;
_c22 cm.
852 _aES-MaACL
_j2016-F-9
_bR.45684
999 _c65070
_d65070